| 000 | 00622cam a22002171a 4500 | ||
|---|---|---|---|
| 001 | 0000004354 | ||
| 003 | OSt | ||
| 005 | 20140825164208.0 | ||
| 008 | 900926s1948 nyu 000 0 eng | ||
| 035 | _argt65457994 | ||
| 040 |
_aPUL _cPUL |
||
| 050 |
_aBV4211 _b.B43 1948 |
||
| 100 | 1 | 0 |
_aBlackwood, Andrew Watterson, _d1882-. |
| 245 | 1 | 4 |
_aThe preparation of sermons / _cAndrew Watterson Blackwood. --. |
| 260 | 0 |
_aNew York ; _aNashville, Tenn. : _bAbingdon Press, _cc1948. |
|
| 300 |
_a272 p. ; _c23 cm. |
||
| 500 | _aIncludes indexes and bibliographies. | ||
| 650 | 0 | _aPreaching. | |
| 908 | _a050412 | ||
| 942 |
_2lcc _cBK |
||
| 999 |
_c4196 _d4196 |
||